00592nam a2200193 i 4500001000300000100002200003245007100025260002800096300002100124650002100145655001800166700001900184020001500203040000800218041000700226080002600233008004100259856009800300bg1 aMAŁOCHA, Tadeusz10aNorton Utilities do Windows 95 /cTadeusz Małocha, Witold Wrotek. aWarszawa :bPLJ,c1995. a192 s. ;c24 cm. 9aNorton Utilities aPodręczniki1 aWROTEK, Witold a8371013000 cBPK0 apl a004.42:004.514.6](07) s pl f |000 0 pol  uhttp://koha.tu.koszalin.pl/cgi-bin/koha/opac-detail.pl?biblionumber=39790yKatalog online BPK